| 000 | 00551nam a2200205Ia 4500 | ||
|---|---|---|---|
| 003 | OSt | ||
| 005 | 20230504104626.0 | ||
| 008 | 210423s2005 xx 000 0 und d | ||
| 020 | _a8179100804 | ||
| 040 | _cAL | ||
| 041 | _aeng | ||
| 082 | _a615.53 TRIP | ||
| 100 |
_aTRIVEDI (Pravin Chandra),Ed. _997521 |
||
| 245 | _aMedical plants: coservation and utilisation. | ||
| 260 |
_aJaipur _bAavishkar Publishers _c2005 |
||
| 300 |
_axv,431 _bHB |
||
| 365 |
_b1800 _cINR |
||
| 906 | _acoservation ; Medical ; plants ; utilisation | ||
| 942 |
_2ddc _cBK |
||
| 999 |
_c163146 _d163146 |
||